El avaro (Registro nro. 78647)

Detalles MARC
000 -ENCABEZADO
Número de control [NR] 00681nam a2200217Ia 4500
008 - DE LONGITUD FIJA DE DATOS DE ELEMENTOS - INFORMACIÓN GENERAL
Elementos de longitud fija [NR] 130821s1980 mx gr spa
040 ## - FUENTE DE CATALOGACION [NR]
Agencia de catalogación original [NR] Co-BoUCM
Idioma de catalogación [NR] spa
041 00 - CODIGO DE IDIOMA [R]
Código de idioma para texto/pista de sonido o título separado [R] Español
100 1# - ASIENTO PRINCIPAL--NOMBRE PERSONAL [NR]
Nombre personal [NR] Moliére
Fechas asociadas con el nombre [NR] 1622-1673
ID Autoridad 170042
245 13 - MENCION DE TITULO [NR]
Título [NR] El avaro
Mención de responsabilidad, etc. [NR] Jean Baptiste Poquelin Moliére
260 ## - PUBLICACION, DISTRIBUCION, ETC. (PIE DE IMPRENTA) [R]
Lugar de publicación, distribución, etc. [R] México D.F. (México)
Nombre del editor, distribuidor, etc. [R] Editorial Concepto
Fecha de publicación, distribución, etc. [R] 1980
300 ## - DESCRIPCION FISICA [R]
Extensión [R] 175 páginas
500 ## - NOTA GENERAL [R]
Nota general [NR] Donación UCM-C-ARRAYANES.
501 ## - NOTA DE “CON” [R]
Nota de “Con” [NR] Con: El médico a la fuerza.
650 ## - ASIENTO SECUNDARIO DE MATERIA - TERMINO TEMATICO [R]
Término temático o nombre geográfico como elemento de entrada [NR] Literatura francesa
9 (RLIN) 7794
650 ## - ASIENTO SECUNDARIO DE MATERIA - TERMINO TEMATICO [R]
Término temático o nombre geográfico como elemento de entrada [NR] Literatura
9 (RLIN) 18599
650 ## - ASIENTO SECUNDARIO DE MATERIA - TERMINO TEMATICO [R]
Término temático o nombre geográfico como elemento de entrada [NR] Teatro francés
9 (RLIN) 25063
765 0# - ASIENTO DE IDIOMA ORIGINAL [R]
Título [NR] L' avare
942 ## - ELEMENTOS DE ENTRADA AGREGADOS (KOHA)
Tipo de ítem principal el descrito en 300a Libro
Tema principal Literatura
Edición 1
Parte restante de la signatura top. M723a
Sistema de clasificación DEWEY
Clasificación 842.42
Existencias
Fecha de último préstamo Signatura topográfica Código de barras Última vez visto Ejemplar Price effective from Tipo de ítem Perdido Sistema de clasificación Dañado No prestable Tipo de ítem específico Suprimido Ubicación habitual Ubicación actual Localización Fecha de creación Forma de adquisición Costo
27/01/2012 842.42 M723a 100118379 01/12/2025 Ej.1 03/02/2013 Libro   DEWEY     Libro   Fundación Cardioinfantil Fundación Cardioinfantil 1er piso 19/02/2013 Donación 26000.00